Statistics for Countries with the Best Surfing Beaches

Click here to take the quiz!

General Stats

  • This quiz has been taken 207 times
  • The average score is 9 of 10

Answer Stats

ContinentCountry% Correct
OceaniaAustralia
94%
South AmericaBrazil
94%
North AmericaMexico
93%
AfricaSouth Africa
91%
North AmericaUSA
91%
EuropeFrance
84%
AsiaIndonesia
84%
AsiaJapan
81%
South AmericaPeru
76%
North AmericaCosta Rica
70%

Score Distribution

Percentile by Number Answered

Percent of People with Each Score

Your Score History

You have not taken this quiz